Countries that Border Tanzania - Sudden Death - Statistics

General Stats
  • This quiz has been taken 17 times
  • The average score is 6 of 8
Answers on the Grid
Answers color-coded by a green-red scale on the quiz's grid according to % correct below.
Mozambique
Malawi
Zambia
DR Congo
Burundi
Rwanda
Uganda
Kenya
Somalia
Ethiopia
Zimbabwe
Madagascar
Seychelles
Mauritius
Comoros
South Sudan
 
Answer Stats
Answer % Correct
Kenya
100%
Mozambique
88%
Malawi
76%
Rwanda
76%
Burundi
65%
DR Congo
65%
Uganda
65%
Zambia
59%
No matching quizzes found
Score Distribution
Percent of People with Each Score
Percentile by Number Answered
Your Score History
You have not taken this quiz